2004 lippincott's nursing drug guide (Record no. 4054)

MARC details
000 -LEADER
fixed length control field 00747nam a22002177a 4500
003 - CONTROL NUMBER IDENTIFIER
control field OSt
005 - DATE AND TIME OF LATEST TRANSACTION
control field 20250819034303.0
008 - FIXED-LENGTH DATA ELEMENTS--GENERAL INFORMATION
fixed length control field 250819b |||||||| |||| 00| 0 eng d
020 ## - INTERNATIONAL STANDARD BOOK NUMBER
International Standard Book Number 1-58255-260-6.
040 ## - CATALOGING SOURCE
Transcribing agency OC
082 ## - DEWEY DECIMAL CLASSIFICATION NUMBER
Classification number Circ. 615.1 K18t 2004
100 ## - MAIN ENTRY--PERSONAL NAME
Personal name Karch, A.
245 ## - TITLE STATEMENT
Title 2004 lippincott's nursing drug guide
260 ## - PUBLICATION, DISTRIBUTION, ETC.
Place of publication, distribution, etc. Philadelphia:
Name of publisher, distributor, etc. Lippinoctt Williams & Wilkins,
Date of publication, distribution, etc. c2004.
300 ## - PHYSICAL DESCRIPTION
Extent xix, 1,450 pages :
Other physical details colored illustration ;
Dimensions 20 cm.
504 ## - BIBLIOGRAPHY, ETC. NOTE
Bibliography, etc. note Includes index.
650 ## - SUBJECT ADDED ENTRY--TOPICAL TERM
Source of heading or term Drug Therapy - Nursing - Handbooks.
650 ## - SUBJECT ADDED ENTRY--TOPICAL TERM
Source of heading or term Drugs - Handbooks, Manuals, etc.
650 ## - SUBJECT ADDED ENTRY--TOPICAL TERM
Source of heading or term Nursing - Handbooks, Manuals, etc.
942 ## - ADDED ENTRY ELEMENTS (KOHA)
Source of classification or shelving scheme Dewey Decimal Classification
Koha item type Book Circulation
Edition 2004
Classification part Circ. 615.1 K18t 2004
Call number prefix Circ.
Suppress in OPAC No
952 ## - LOCATION AND ITEM INFORMATION (KOHA)
--
Holdings
Withdrawn status Lost status Source of classification or shelving scheme Damaged status Not for loan Home library Current library Date acquired Source of acquisition Total Checkouts Full call number Barcode Date last seen Copy number Price effective from Koha item type Uniform Resource Identifier
    Dewey Decimal Classification     College Library HM & Nursing Library 06/23/2004 School Fund   Circ. 615.1 K18t 2004 CL41065 08/19/2025 c4 08/19/2025 BK-CIRC